|
|
|
|
| LEADER |
01407ppm a22002898a 4500 |
| 001 |
00029743 |
| 008 |
121120s2010 ||||||viesd |
| 005 |
20171026081025.0 |
| 041 |
0 |
# |
|a vie
|
| 082 |
1 |
4 |
|a 337.597 8
|b H411Đ
|
| 100 |
1 |
# |
|a Nguyễn, Trọng Minh
|
| 245 |
0 |
0 |
|a Hoạt động kinh tế đối ngoại ở Đồng bằng sông Cửu long 1986-2006
|b Luận án tiến sĩ lịch sử. Chuyên ngành: Lịch sử Việt Nam cận-hiện đại. Mã ngành: 62.22.54.05
|c Nguyễn Trọng Minh; Nguyễn Ngọc Dung, Nguyễn Chí Hải (hướng dẫn)
|
| 260 |
# |
# |
|a Tp. Hồ Chí Minh
|b Trường Đại học khoa học xã hội và nhân văn
|c 2010
|
| 300 |
# |
# |
|a iii,251 tr.
|b ảnh màu
|c 30cm.
|
| 500 |
# |
# |
|a ĐTTTS ghi: Đại học quốc gia Thành phố Hồ Chí Minh.Trường Đại học khoa học xã hội và nhân văn
|
| 653 |
# |
# |
|a Kinh tế đối ngoại
|
| 653 |
# |
# |
|a Đồng bằng sông Cứu Long
|
| 653 |
# |
# |
|a Lịch sử
|
| 653 |
# |
# |
|a Luận án
|
| 700 |
1 |
# |
|a Nguyễn, Ngọc Dung
|e Hướng dẫn
|
| 700 |
1 |
# |
|a Nguyễn, Chí Hải
|e Hướng dẫn
|
| 852 |
# |
# |
|j LA.0000007
|
| 852 |
# |
# |
|b Kho đọc SĐH
|j LA.0000007
|
| 910 |
|
|
|d 20/11/2012
|
| 980 |
# |
# |
|a Trung tâm Học liệu Lê Vũ Hùng, Trường Đại học Đồng Tháp
|